000 00384nmm a2200145 a 4500
003 AR-BaBNM
005 20251128203103.0
008 013119s[s.f ||||||||||||||000 | spa||
040 _cAR-BaBNM
100 1 _aMontaron, Julia L.
245 1 0 _aMéthode pur l'enseignement du francais
_bquatriéme année
260 _aBuenos Aires
_bEstrada
_c[s.f.]
942 _cBK
998 _cArchipretre
999 _c1823
_d1823